| 000 | 00906nam a2200277 a 4500 | ||
|---|---|---|---|
| 001 | BRL_1677 | ||
| 005 | 20190320211323.0 | ||
| 008 | 230414s1978----mx-#######---#000-0#spa-# | ||
| 020 | _a9684290357 | ||
| 041 | _aspa | ||
| 044 | _amx | ||
| 050 | 4 |
_aGR42.5 _b.L66 1978 |
|
| 100 | 1 |
_aLombardi Satriani, Luigi Maria _927608 |
|
| 245 | 1 | 0 |
_aApropiación y destrucción de las culturas de las clases subalternas _cLuigi Maria Lombardi Satriani ; traducción Eduardo Molina. |
| 260 |
_aMéxico _bNueva Imagen _c1978 |
||
| 300 |
_a193 p. _c20 cm. |
||
| 440 | 0 |
_aSerie Trabajo crítico _927609 |
|
| 500 | _aAu2183 | ||
| 500 | _aIncluye dedicatoria a Ruth Lechuga | ||
| 500 | _aTraducción de: Folklore & proffitto. Tecniche di distruzione di una cultura. | ||
| 650 | 1 | 4 |
_aFolklore _927610 |
| 650 | 1 | 4 |
_aClases sociales _927611 |
| 700 | 1 |
_aMolina, Eduardo _etr. _927612 |
|
| 902 | _aGRL | ||
| 942 |
_2lcc _cB |
||
| 999 |
_c10486 _d10486 |
||